| 000 | 00331nam a2200133Ia 4500 | ||
|---|---|---|---|
| 005 | 20260326100035.0 | ||
| 008 | 260326s9999||||xx |||||||||||||| ||und|| | ||
| 100 | _aVargas, José María | ||
| 245 | 0 |
_aEl Arte Religioso en Cuenca / _cJosé María Vargas |
|
| 260 | _bSanto Domingo | ||
| 300 | _a74 p. | ||
| 650 | _aARTE | ||
| 942 | _cBK | ||
| 999 |
_c6749 _d6749 |
||